| 000 | 00904nas a2200277 4500 | ||
|---|---|---|---|
| 001 | BR7903015 | ||
| 003 | BR-BrBNA | ||
| 005 | 20231205083722.0 | ||
| 007 | ta | ||
| 008 | 230509b bl.|||p| |||| 00| 00por d | ||
| 040 |
_aBR-BrBNA _bpor _cBiblioteca Nacional de Agricultura |
||
| 041 | _a(Pt) | ||
| 072 | _aE15; E70 | ||
| 100 | 1 | _aFontes, P.C.R. | |
| 100 | 1 | _aMoura, P.A.M. de | |
| 245 | 1 | _aAspectos economicos da cultura do alho [Allium sativum; Comercializacao; Estatistica de producao; Preco; Brasil] | |
| 650 | _aMicroeconomia | ||
| 650 | _aComercializacao | ||
| 650 | _aAlho | ||
| 650 | _aProdutividade | ||
| 650 | _aPreco | ||
| 650 | _aEstatistica de producao | ||
| 773 | 0 |
_tInforme Agropecuario - Empresa de Pesquisa Agropecuaria de Minas Gerais (Brazil) _xISSN 0100-3364 _g(Dec 1978), v. 4(48) p. 3-10 _wBR7903015 |
|
| 909 |
_a202311 _bLúcia _c55 _dLúcia Elande |
||
| 942 |
_2AGRIS _n0 _cANA |
||
| 999 |
_c100748 _d100748 |
||